|
|
|
|
| LEADER |
00844nab a2200253 i 4500 |
| 001 |
publ6898 |
| 005 |
20190221143638.0 |
| 008 |
160530s2015 hu o 0|| zxx d |
| 022 |
|
|
|a 0143-4160
|
| 024 |
7 |
|
|a 10.1016/j.ceca.2015.03.003
|2 doi
|
| 024 |
7 |
|
|a 3004148
|2 mtmt
|
| 040 |
|
|
|a SZTE Publicatio Repozitórium
|b hun
|
| 041 |
|
|
|a zxx
|
| 100 |
1 |
|
|a Cao Xu
|
| 245 |
1 |
4 |
|a The ER/PM microdomain, PI(4,5)P-2 and the regulation of STIM1-Orai1 channel function
|h [elektronikus dokumentum] /
|c Cao Xu
|
| 260 |
|
|
|a Churchill Livingstone
|c 2015
|
| 300 |
|
|
|a 342-348
|
| 490 |
0 |
|
|a Cell Calcium
|v 58 No. 4
|
| 700 |
0 |
1 |
|a Choi Seok
|e aut
|
| 700 |
0 |
1 |
|a Maléth József
|e aut
|
| 700 |
0 |
1 |
|a Park Seonghee
|e aut
|
| 700 |
0 |
1 |
|a Ahujaa Malini
|e aut
|
| 700 |
0 |
1 |
|a Muallema Shmuel
|e aut
|
| 856 |
4 |
0 |
|u http://publicatio.bibl.u-szeged.hu/6898/1/3004148_Cao.pdf
|z Dokumentum-elérés
|